[Event "Hajduszoboszlo op 2nd"]
[Site "Hajduszoboszlo"]
[Date "2024.02.10"]
[Round "5"]
[White "Bognar, Barna"]
[Black "Kocsis, Benedek"]
[Result "1-0"]
[WhiteElo "1473"]
[BlackElo "1314"]
[PlyCount "77"]
[EventDate "2024.02.08"]
[EventType "swiss"]
[EventRounds "7"]
[EventCountry "HUN"]
[SourceTitle "CB08_2024"]
[SourceDate "2024.02.21"]
[SourceVersion "1"]
[SourceVersionDate "2024.02.21"]
[SourceQuality "1"]

1. Nf3 Nf6 2. d4 d5 3. Bf4 Bf5 4. e3 e6 5. c4 Bd6 6. Bg3 0-0 7. Bd3 Bxd3 8. Qxd3 dxc4 9. Qxc4 Nc6 10. 0-0 Bxg3 11. hxg3 h6 12. Nc3 Qe7 13. a3 Rfe8 14. Rac1 a6 15. Rfd1 Rad8 16. Ne2 Nd5 17. Nc3 Nb6 18. Qa2 Nd5 19. Ne4 Na7 20. Rc2 c6 21. Rdc1 g5 22. Nc5 f5 23. Qb3 f4 24. Qxb7 Qxb7 25. Nxb7 Rb8 26. Nc5 fxe3 27. Nd7 Rb7 28. Nfe5 Re7 29. Nc5 Rb5 30. Nxa6 Reb7 31. Nc5 Rb8 32. b4 Rf8 33. Nxe6 exf2+ 34. Rxf2 Re8 35. Rf7 Rxe6 36. Rxa7 Ne3 37. Rxc6 Rxc6 38. Nxc6 Rf5 39. Ne7+ 1-0

[Event "Hajduszoboszlo op 2nd"]
[Site "Hajduszoboszlo"]
[Date "2024.02.09"]
[Round "2"]
[White "Laszlo, Zoltan"]
[Black "Bognar, Barna"]
[Result "1/2-1/2"]
[WhiteElo "1822"]
[BlackElo "1473"]
[PlyCount "46"]
[EventDate "2024.02.08"]
[EventType "swiss"]
[EventRounds "7"]
[EventCountry "HUN"]
[SourceTitle "CB08_2024"]
[SourceDate "2024.02.21"]
[SourceVersion "1"]
[SourceVersionDate "2024.02.21"]
[SourceQuality "1"]

1. Nf3 d5 2. d4 Bg4 3. Ne5 Bh5 4. g4 Bg6 5. h4 f6 6. Nxg6 hxg6 7. Qd3 g5 8. Qg6+ Kd7 9. Bg2 e6 10. hxg5 Rxh1+ 11. Bxh1 Qe8 12. Qxe8+ Kxe8 13. e4 c6 14. Nc3 Nd7 15. exd5 exd5 16. Bf4 Bb4 17. 0-0-0 Bxc3 18. bxc3 Nb6 19. Bf3 Kf7 20. Re1 fxg5 21. Bxg5 Nf6 22. Bxf6 Kxf6 23. Kd1 Rh8 1/2-1/2

[Event "Hajduszoboszlo op 2nd"]
[Site "Hajduszoboszlo"]
[Date "2024.02.08"]
[Round "1"]
[White "Bognar, Barna"]
[Black "Nandin, Erdene Davaadembere"]
[Result "1/2-1/2"]
[WhiteElo "1473"]
[BlackElo "1966"]
[PlyCount "99"]
[EventDate "2024.02.08"]
[EventType "swiss"]
[EventRounds "7"]
[EventCountry "HUN"]
[SourceTitle "CB08_2024"]
[SourceDate "2024.02.21"]
[SourceVersion "1"]
[SourceVersionDate "2024.02.21"]
[SourceQuality "1"]

1. Nf3 Nf6 2. d4 g6 3. Bf4 Bg7 4. h3 d6 5. e3 Nbd7 6. Be2 0-0 7. 0-0 c5 8. c3 b6 9. Nbd2 Bb7 10. a4 Re8 11. Qb3 e5 12. dxe5 dxe5 13. Bh2 Bd5 14. Bc4 Bxc4 15. Nxc4 Ne4 16. Rfd1 Qe7 17. Ncd2 Nxd2 18. Rxd2 e4 19. Ne1 Be5 20. Rad1 Bxh2+ 21. Kxh2 Ne5 22. Qc2 Qc7 23. Kg1 f5 24. c4 Rad8 25. Qc3 Rxd2 26. Rxd2 Qe7 27. Rd5 g5 28. b3 Qf6 29. Qd2 g4 30. Rd6 Qg5 31. hxg4 Nxg4 32. Rd7 Ne5 33. Qd5+ Kh8 34. Rxa7 Qf6 35. Qb7 Qg6 36. Ra8 Nd3 37. Nxd3 exd3 38. Rxe8+ Qxe8 39. Qd5 Qe4 40. Kf1 d2 41. Qxd2 Qb1+ 42. Ke2 Qxb3 43. Qd8+ Kg7 44. Qe7+ Kg6 45. Qe6+ Kg7 46. Qe7+ Kg8 47. Qg5+ Kh8 48. Qf6+ Kg8 49. Qg5+ Kh8 50. Qf6+ 1/2-1/2